MEDIA AND WORLD EDUCATION (Record no. 2170)
[ view plain ]
| 000 -LEADER | |
|---|---|
| fixed length control field | 00387nam a22001577a 4500 |
| 005 - DATE AND TIME OF LATEST TRANSACTION | |
| control field | 20241213151259.0 |
| 008 - FIXED-LENGTH DATA ELEMENTS--GENERAL INFORMATION | |
| fixed length control field | 241213b |||||||| |||| 00| 0 eng d |
| 020 ## - INTERNATIONAL STANDARD BOOK NUMBER | |
| International Standard Book Number | 8185431728 |
| 050 ## - LIBRARY OF CONGRESS CALL NUMBER | |
| Classification number | LB3044 |
| Item number | SHA |
| 100 ## - MAIN ENTRY--PERSONAL NAME | |
| Personal name | SHARMA, RAM SITA |
| 245 ## - TITLE STATEMENT | |
| Title | MEDIA AND WORLD EDUCATION |
| 250 ## - EDITION STATEMENT | |
| Remainder of edition statement | VOL III |
| 260 ## - PUBLICATION, DISTRIBUTION, ETC. | |
| Place of publication, distribution, etc. | NEW DELHI |
| Name of publisher, distributor, etc. | SARUPS AND SONS |
| Date of publication, distribution, etc. | c2008 |
| 300 ## - PHYSICAL DESCRIPTION | |
| Extent | 289p |
| 942 ## - ADDED ENTRY ELEMENTS (KOHA) | |
| Source of classification or shelving scheme | Library of Congress Classification |
| Koha item type | Books |
| Suppress in OPAC | No |
| 999 ## - | |
| -- | 2170 |
| -- | 2170 |
| Withdrawn status | Lost status | Source of classification or shelving scheme | Damaged status | Not for loan | Collection | Home library | Current library | Shelving location | Date acquired | Total checkouts | Full call number | Barcode | Date last seen | Copy number | Price effective from | Koha item type |
|---|---|---|---|---|---|---|---|---|---|---|---|---|---|---|---|---|
| Library of Congress Classification | Non-fiction | Business Library (Miotso) | Business Library (Miotso) | General stacks | 03/25/2025 | LB304.4 SHA | BSSM00001577 | 03/25/2025 | 3 | 03/25/2025 | Books | |||||
| Library of Congress Classification | Non-fiction | Business Library (Miotso) | Business Library (Miotso) | General stacks | 03/25/2025 | LB304.4 SHA | BSSM00001578 | 03/25/2025 | 4 | 03/25/2025 | Books | |||||
| Library of Congress Classification | Non-fiction | Business Library (Miotso) | Business Library (Miotso) | General stacks | 03/25/2025 | LB304.4 SHA | BSSM00001579 | 03/25/2025 | 5 | 03/25/2025 | Books | |||||
| Library of Congress Classification | Non-fiction | Business Library (Miotso) | Business Library (Miotso) | General stacks | 03/25/2025 | LB304.4 SHA | BSSM00001580 | 03/25/2025 | 6 | 03/25/2025 | Books | |||||
| Library of Congress Classification | Non-fiction | Business Library (Miotso) | Business Library (Miotso) | General stacks | 03/25/2025 | LB304.4 SHA | BSSM00001581 | 03/25/2025 | 7 | 03/25/2025 | Books | |||||
| Library of Congress Classification | Non-fiction | Business Library (Miotso) | Business Library (Miotso) | General stacks | 03/25/2025 | LB304.4 SHA | BSSM00001582 | 03/25/2025 | 8 | 03/25/2025 | Books | |||||
| Library of Congress Classification | Non-fiction | Business Library (Miotso) | Business Library (Miotso) | General stacks | 03/25/2025 | LB304.4 SHA | BSSM00001583 | 03/25/2025 | 9 | 03/25/2025 | Books | |||||
| Library of Congress Classification | Non-fiction | Undergraduate Library (Christ Temple) | Undergraduate Library (Christ Temple) | General stacks | 12/13/2024 | LB3044 SHA | ulct00000627 | 12/13/2024 | 1 | 12/13/2024 | Books | |||||
| Library of Congress Classification | Non-fiction | Undergraduate Library (Christ Temple) | Undergraduate Library (Christ Temple) | General stacks | 12/16/2024 | LB304.4 SHA | ulct00000642 | 12/16/2024 | 1 | 12/16/2024 | Books |